Statistiques concernant 10 questions sur une ville française #7 : STRASBOURG

Cliquez ici pour prendre le quiz!

Statistiques générales

  • Ce quiz a été pris 474 fois
  • Le résultat moyen est 5 sur 10

Statistiques - réponses

QuestionRéponse% Correct
Combien de communes faut-il au minimum traverser pour arriver de Strasbourg à Kehl, la ville allemande la plus proche (sans compter ces deux villes) ?0 (elles sont voisines)
88%
Quel classement occupe-t-elle en termes d'habitants en France ?8ème
87%
Quelle institution législative est basée à Strasbourg ?Le Parlement Européen
78%
Quel pays européen a eu son hymne écrit à Strasbourg ?La France
70%
Quelles sont les deux couleurs qui composent le drapeau de Strasbourg ?Rouge et blanc
63%
Combien Strasbourg compte-t-elle d'habitants ? (à 10 000 près)277 270
56%
Quelle est sa superficie ? (à 10 km² près)78,26 km²
39%
Pendant la seconde guerre mondiale, combien de mois Strasbourg est-elle restée allemande ?53
33%
Quel homme, classé parmi les 10 personnes les plus influentes de l'histoire, a vécu plus de 10 ans à Strasbourg ?Johannes Gutenberg
17%
Comment se nomme le groupe de résistance composé de garçons de 14 à 18 ans qui a vu le jour à Strabourg en 1940 ?La Main Noire
7%

Distribution des résultats

Percentile par nombre de réponses

% des personnes avec chaque résultat

Votre développement - résultats

Vous n’avez pas pris ce quiz